| 000 | 00553 a2200217 4500 | ||
|---|---|---|---|
| 005 | 20260406114537.0 | ||
| 008 | 260403b |||||||| |||| 00| 0 eng d | ||
| 020 |
_a9789352835102 _cRs. 875.00 |
||
| 040 | _aMAIN | ||
| 082 |
_a006.31 _bM726P |
||
| 100 | _aMohan, A Krishna | ||
| 245 | _aPython with machine learning | ||
| 260 |
_bS Chand _c2026 _aNoida |
||
| 300 | _ax, 678 | ||
| 650 | _aComputer Science | ||
| 650 | _aArtifical Intelligence | ||
| 650 | _aMachine Learning | ||
| 700 | _aMohan, T Murali | ||
| 700 | _aKarunakar | ||
| 942 | _cBK | ||
| 999 |
_c397151 _d397151 |
||